000 00501nam a22001817a 4500
005 20171009111239.0
010 _aENG-120753
020 _a9789386191151
_c200.00
035 _aEN-104285
037 _bDBAD/PUB
082 _aN
100 _aBasu,Anirban
245 _aIt @ D day :
_bwhen machine hunts man /
260 _aNew Delhi
_bLifi Publication
_c2017
270 _a211,2nd Floor,Gagandeep,12 Rajendra Place
_bNew Delhi
_e110008
300 _a146p.
_c20cm (pbk)
942 _2ddc
_cEN
_hN
_mBAS
999 _c146244
_d146244